KOHA-Header-6

Pakistan Economic Survey 2003-04 (Record no. 8651)

000 -LEADER
fixed length control field 00280nam a2200109Ia 4500
100 ## - MAIN ENTRY--AUTHOR NAME
Personal name Govt Finance Division
245 #0 - TITLE STATEMENT
Title Pakistan Economic Survey 2003-04
260 ## - PUBLICATION, DISTRIBUTION, ETC. (IMPRINT)
Place of publication Islamabad
Name of publisher Govt Finance
Year of publication 1997
300 ## - PHYSICAL DESCRIPTION
Number of Pages 432
942 ## - ADDED ENTRY ELEMENTS (KOHA)
Koha item type Books
Holdings
Withdrawn status Lost status Collection code Permanent Location Current Location Shelving location Date acquired Full call number Accession Number Koha item type
    Economics MAJU MAJU Shelf No.A48 2019-09-14 338.5 3531 Economics

Powered by Koha